000 00673nam a22002417a 4500
003 UA-OsUOA
001 100679
007 ta
008 20130529b un ||||| |||| 00| 0 ukr d
100 _aФраерман Р.
090 _a821.161.1
_bФ82
942 _cBK
040 _aUA-OsUOA
_brus
_cUA-OsUOA
_dUA-OsUOA
245 _aДикая собака Динго, или Повесть о первой любви
_bповесть
300 _a253 с.
955 _a3
041 _arus
080 _a821.161.1
260 _aК.
_bМолодь
_c1977
044 _aRU
650 7 _a82 Література. Літературознавство
_2UDC
999 _c386860
_d386860